000 00442nam a2200169Ia 4500
005 20241212122119.0
008 231207s9999 xx 000 0 und d
020 _a9847763224
040 _cNCA-PK
082 _a709.5492
_bBIS
100 _aBiswas, Babul
245 0 _aArt of Bangladesh: through hundred theatre posters
260 _bOitijjhya Publishers
_aDhaka
_c2006
300 _a224p.; ills
650 _aArt-Bangladesh
942 _cBK
999 _c23563
_d23563